00683nam a2200241 a 4500001001300000003000900013005001700022008004100039020002300080082001400103100001900117245001600136260003600152300000900188500003500197505001000232650001800242700001900260902000800279942000700287952013000294999001700424nice12345678IN_TiNIC20260116014013.0050524s2002 newa grp 000 0 eng  a0149894 c39500a954bTHA3 aThapar, Romila aEarly India aNew DelhibPenguin Books c2002 a555p aincludes index and biblioraphy2 aIndex aIndia-History1 aThapar, Romila bSRS cBK 001040708StackRoom-aHMIbHMId2007-04-03g395.00l1m1o954 THA3p020491r2018-12-05s2018-11-23v395.00w2005-05-24yBK c13458d13458